00845cam a22002653a 45000010005000000030006000050050017000110080041000280400015000690420007000840500007000911000033000982450074001312600029002055000063002345060030002975160020003276530054003476530038004016530027004397000015004667000029004818300028005108560041005382581PGUSA20140828083016.0080622s2008||||xxu|||||s|||||000 | eng d aPGUSAbeng adc 4aDC1 aTaine, Hippolyte,d1828-189314aThe Modern Regime, Volume 1h[electronic resource] /cHippolyte Taine bProject Gutenberg,c2008 aPart of the series Origins of contemporary France. [v.5-6] aPublic domain in the USA. aElectronic text aFrance -- Social life and customs -- 19th century aFrance -- Politics and government aFrance -- Civilization1 aRom, Svend1 aDurand, John,d1822-1908 0aProject Gutenbergv258140uhttp://www.gutenberg.org/ebooks/2581